Basic Instrumentation Lecture Notes and Study Guide: Volume1 Measurement Fundamentals (Record no. 4220)

MARC details
005 - DATE AND TIME OF LATEST TRANSACTION
control field 20250617134702.0
020 ## - INTERNATIONAL STANDARD BOOK NUMBER
International Standard Book Number 0-87664-633-X
082 ## - DEWEY DECIMAL CLASSIFICATION NUMBER
Classification number LM 681. 21 MOO
100 ## - MAIN ENTRY--PERSONAL NAME
Author name MOORE, R. L.
245 ## - TITLE STATEMENT
Title Basic Instrumentation Lecture Notes and Study Guide: Volume1 Measurement Fundamentals
250 ## - EDITION STATEMENT
Edition statement 3rd Ed.
260 ## - PUBLICATION, DISTRIBUTION, ETC.
Place of publication, distribution, etc. New York,
Name of publisher, distributor, etc. Instrumental Society of America,
Date of publication, distribution, etc. 1982.
300 ## - PHYSICAL DESCRIPTION
Extent x, 177p.: ill.; table.
Other physical details References.
Dimensions 28cm.
942 ## - ADDED ENTRY ELEMENTS (KOHA)
Source of classification or shelving scheme Dewey Decimal Classification
Koha item type Books
Holdings
Date last seen Total checkouts Full call number Barcode Cost, replacement price Price effective from Koha item type Lost status Source of classification or shelving scheme Damaged status Not for loan Withdrawn status Home library Current library Shelving location Date acquired Cost, normal purchase price
06/17/2025   LM 681. 21 MOO 00000013129 30000.00 06/17/2025 Books   Dewey Decimal Classification       College of Business Education Main Library College of Business Education Main Library General Collection 06/17/2025 10000.00